000 00508nam a22001697a 4500
003 PILC
005 20160524111656.0
008 160524b xxu||||| |||| 00| 0 eng d
020 _a9789719802600
050 _aRB 145
_b.Su83 2015
100 _aSuba, Sally C.
245 _aBlood chemistry 2 :
_blaboratory manual /
_cSally C. Suba.
260 _aQuezon City :
_bC & E Publishing, Inc.,
_c2015.
300 _aviii, 112 pages ;
_c26 cm.
650 _aBlood analysis
_xLaboratory manuals.
942 _2lcc
_cBK
999 _c294938
_d294938